000 02268nam a22002897a 4500
008 251013b |||||||| |||| 00| 0 eng d
020 _a9788419131829
040 _cTBS
041 _aspa
041 _heng
100 _aQuinn, Julia
_d1970-
_926147
_eauthor
240 _aThe Viscount who loved me.
_lSpanish.
245 _aEl vizconde que me amó
_c/ Julia Quinn ; translated by Rosa Arruti.
260 _aMadrid :
_bUrano World Spain,
_c2024.
300 _a380 pages :
_billustrations (black and white) ;
_c24 cm.
490 _aBridgerton series Spanish ;
_vbk.02
520 _aLos cotilleos de lady Whistledown no fallan nunca: una vez más, Anthony Bridgerton es el soltero más codiciado de la temporada en la alta sociedad victoriana. Pero este año, el atractivo vizconde, el amante de la diversión y el enemigo del compromiso, sorprende a todos y deciden buscar esposa y sentar cabeza. La joya más preciada, la joven y hermosa Edwina Sheffield, es su elección natural. Pero para conseguirla ha de obtener antes la aprobación de la hermana mayor de la muchacha, Kate. Anthony comprobó que convocar a esa mujer arrogante y decidida de que ha dejado de ser un vívido o no es tarea fácil. Como tampoco lo es quitársela de la cabeza cuando llega la noche.
520 _aLady Whistledown gossip never fails: once again, Anthony Bridgerton is the season's most coveted bachelor in Victorian high society. But this year, the attractive viscount, fun-loving and enemy of commitment, surprises everyone and decides to find a wife and settle down. The most precious jewel, the young and beautiful Edwina Sheffield, is her natural choice. But to get it, she must first get approval from the girl's older sister, Kate. Anthony will find that convincing this arrogant and determined woman that he is no longer a nurseryman is not an easy task. Nor is it to get it out of your head when the night comes.
650 0 _aMarriage
_vFiction
_926149
650 0 _aSisters
_vFiction
_922940
650 0 _aMan-woman relationships
_vFiction
_911134
651 0 _aEngland
_xSocial life and customs
_y19th century
_vFiction
_926150
655 0 _aHistorical fiction
_922722
655 0 _aRomance fiction
_922778
700 _aArruti, Rosa
_926148
_etranslator
942 _2lcc
999 _c5043
_d5043